000 00303nam a22001337a 4500
008 171124b xxu||||| |||| 00| 0 eng d
020 _a9780309065719
041 _aeng
080 _a316
100 _a50
101 _asoc
245 _aPATHOLOGICAL GAMBLING
_cNATIONAL ACADEMY PRESS
942 _2udc
_cBK
999 _c38486
_d38486